Top 5 Songs On Let It Be (The Beatles) - Statistics

General Stats
  • This quiz has been taken 26 times
  • The average score is 4 of 5
Answer Stats
Hint Answer % Correct
542,461,320 Let It Be
100%
139,302,618 Get Back
88%
96,020,839 The Long And Winding Road
71%
31,643,967 Two Of Us
71%
113,264,677 Across The Universe
67%
No matching quizzes found
Score Distribution
Percent of People with Each Score
Percentile by Number Answered
Your Score History
You have not taken this quiz